Welcome to CU Library Online Public Access Catalogue (OPAC)

The Law of Contract / (Record no. 5032)

MARC details
000 -LEADER
fixed length control field 00485nam a22001817a 4500
005 - DATE AND TIME OF LATEST TRANSACTION
control field 20250320205741.0
008 - FIXED-LENGTH DATA ELEMENTS--GENERAL INFORMATION
fixed length control field 250320b |||||||| |||| 00| 0 eng d
020 ## - INTERNATIONAL STANDARD BOOK NUMBER
International Standard Book Number 978171772186
050 ## - LIBRARY OF CONGRESS CALL NUMBER
Classification number KD1554
Item number .U7
100 ## - MAIN ENTRY--PERSONAL NAME
Personal name Ujjannavar, S. S.
245 ## - TITLE STATEMENT
Title The Law of Contract /
Statement of responsibility, etc. Ujjannavar, S. S.
250 ## - EDITION STATEMENT
Edition statement 2nd ed, ;
260 ## - PUBLICATION, DISTRIBUTION, ETC.
Place of publication, distribution, etc. New Delhi ;
Name of publisher, distributor, etc. Eastern Law house ;
Date of publication, distribution, etc. c2009
300 ## - PHYSICAL DESCRIPTION
Extent iii, 443 pp. :
500 ## - GENERAL NOTE
General note Includes index
650 ## - SUBJECT ADDED ENTRY--TOPICAL TERM
Topical term or geographic name entry element Contract Law
942 ## - ADDED ENTRY ELEMENTS (KOHA)
Source of classification or shelving scheme Library of Congress Classification
Koha item type Books
Suppress in OPAC No
999 ## -
-- 5032
-- 5032
Holdings
Withdrawn status Lost status Source of classification or shelving scheme Damaged status Not for loan Collection Home library Current library Shelving location Date acquired Total checkouts Full call number Barcode Date last seen Copy number Price effective from Koha item type
    Library of Congress Classification     Non-fiction Law Library (Christ Temple) Law Library (Christ Temple) General stacks 03/20/2025   KD1554.U7 UJJ LLCT00000514 03/20/2025 1 03/20/2025 Books
    Library of Congress Classification     Non-fiction Law Library (Christ Temple) Law Library (Christ Temple) General stacks 03/20/2025   KD1554.U7 UJJ LLCT00000515 03/20/2025 2 03/20/2025 Books
    Library of Congress Classification     Non-fiction Law Library (Christ Temple) Law Library (Christ Temple) General stacks 03/20/2025   KD1554.U7 UJJ LLCT00000516 03/20/2025 3 03/20/2025 Books
© 2023-2024 Copyright: Central University Libraries. All Rights Reserved | Created by: Mahone Tech Office